00513nam a2200157 a 450000100100000000500170001000800410002702000180006804000250008608200150011110000240012624500930015026000350024330000210027871000560029900001686120251120073732.0100311s2010 dr 001 0 spa d a9789945415339 aDO-SdBNPbspacBNPHU axxxbM516a1 aMejía, Radhamés10a¿Avanzamos o retrocedemos? :breflexiones sobre temas educativos /cRadhamés Mejía. aSanto Domingo :bPUCMM,c2010. a165 p. ;c22 cm.2 aPontificia Universidad Católica Madre y Maestra